01101nam a2200241Ia 4500001000600000003000900006008004100015040001300056040001300069041001300082100001800095100002900113245004500142245003800187250001100225260001100236260001200247260004900259300005900308500042000367650004100787650003100828F4661IT-RoPAU130308s9999 xx 000 0 und d aIT-RoPAU cIT-RoPAU aITALIANO aBoniolo Bruno gCodice Aut. SPICS: 51708 aSul rapporto fra tecnologia e formazione bTecnologia per Il XXI Secolo (La) a1a ed. aTORINO bEinaudi c1998 [1° Ed.:1998 - Ed.Ling.Originale:1998] a"30 p. (prefazione: no ; testo: 30 [pagine: 156-185])" aIntervenire Sul livello Logico delle reti o su Quello delle Applicazioni? Riferimenti per una Formazione Alla Tecnologia: Problemi di Autoregolazionenella Costruzione della Conoscenza: Formazione Permanente e Formazione a Distanza, Moltiplicazione degli Allievi e dei Formatori, studiare le Macchine o con le Macchine? tecnologie Didattiche: insegnare con le Macchine: variabili in Gioco, Interazione e Valutazione. aPOLITICA DELLA COMUNICAZIONE SOCIALE eCodice materia Spics: 3803